000 00763nam a2200205Ii 4500
003 JO-AjNU
008 230605s9999||||xx |||||||||||||| ||und||
017 _a2009/2/717
040 _aJO-AjNU
_bara
_erda
_cJO-AjNU
041 _aara
050 1 4 _aBP640.43.A272.U24 2009
100 3 _aعبيدات، رافع محمد الفندي,
_eauthor
_930530
245 0 0 _aفقه المعاملات على مذهب أبي حنيفة النعمان
264 3 1 _aاربد: عالم الكتب الحديث للنشر والتوزيع، 2009
300 _a464ص
336 _atext
_btxt
_2rdacontent
337 _aunmediated
_bn
_2rdamedia
338 _avolume
_bnc
_2rdacarrier
650 4 _aالمعاملات- الفقه الحنفي- الفقه الاسلامي
_930531
999 _aA12113
_c15681
_d15681